Central Library OPAC University of Rajshahi

দিনান্তের আলো : (Record no. 44863)

MARC details
000 -LEADER
fixed length control field 01156nam a2200253 a 4500
001 - CONTROL NUMBER
control field 44863
003 - CONTROL NUMBER IDENTIFIER
rucl marc code BD-RjUL
005 - DATE AND TIME OF LATEST TRANSACTION
control field 20211209053929.0
008 - FIXED-LENGTH DATA ELEMENTS--GENERAL INFORMATION
fixed length control field 160720s2006 ii a|||| |||| 00| m ben d
020 ## - INTERNATIONAL STANDARD BOOK NUMBER
International Standard Book Number 818727350X
Terms of availability : Tk. 150.00
035 ## - SYSTEM CONTROL NUMBER
System control number (BD-RjUL)44981
040 ## - CATALOGING SOURCE
Original cataloging agency BD-RjUL
Language of cataloging ben
Transcribing agency BD-RjUL
Modifying agency BD-RjUL
041 ## - LANGUAGE CODE
Language code of text/sound track or separate title ben
082 ## - DEWEY DECIMAL CLASSIFICATION NUMBER
Edition number 23
Classification number 305.260954
Author mark and year CHD 2006
100 ## - MAIN ENTRY--PERSONAL NAME
Personal name চক্রবর্তী প্রফুল্ল
9 (RLIN) 137469
245 ## - TITLE STATEMENT
Title দিনান্তের আলো :
Remainder of title গ্রামীণ বর্ষীয়ান জনগোষ্টী : একটি সমীক্ষা /
Statement of responsibility, etc. প্রফুল্ল চক্রবর্তী
260 ## - PUBLICATION, DISTRIBUTION, ETC. (IMPRINT)
Place of publication, distribution, etc. কলকাতা :
Name of publisher, distributor, etc. শ্রীভারতী প্রেস,
Date of publication, distribution, etc. ২০০৬
300 ## - PHYSICAL DESCRIPTION
Pagination ২৫৫ পৃ. :
Illustrations চিএাবলি ;
Size ২০ সেমি.
650 ## - SUBJECT ADDED ENTRY--TOPICAL TERM
Topical term or geographic name as entry element সামাজিক অবস্থা
Geographic subdivision ভারত
9 (RLIN) 137470
Topical term or geographic name as entry element social conditions
Geographic subdivision India
9 (RLIN) 137471
Topical term or geographic name as entry element গ্রামীণ অর্থনৈতিক অবস্থা
Geographic subdivision ভারত
9 (RLIN) 137472
Topical term or geographic name as entry element Rural economic conditions
Geographic subdivision India
9 (RLIN) 137473
942 ## - ADDED ENTRY ELEMENTS (KOHA)
Source of classification or shelving scheme Dewey Decimal Classification
Koha item type Books
Holdings
Lost status Source of classification or shelving scheme Damaged status Not for loan Collection code Permanent Location Current Location Shelving location Date acquired Source of acquisition Cost, normal purchase price Total Checkouts Full call number Date last seen Copy number Koha item type
  Dewey Decimal Classification     Non-fiction Central Library, University of Rajshahi Central Library, University of Rajshahi   26/06/2007 Author 1550.00   B 305.260954 CHD 2006 20/07/2016 C-2 Books